| 000 | 00000nam##2200000za#4500 |
| 001 | 9.574671 |
| 003 | CaOODSP |
| 005 | 20210624184310 |
| 007 | cr ||||||||||| |
| 008 | 150406|2000||||xxc|||||o f|0| 0 eng|d |
| 022 | |a1205-9153 |
| 040 | |aCaOODSP|beng |
| 043 | |an-cn--- |
| 086 | 1 |aCS11-0019/146E-PDF |
| 245 | 00|aTo what extent are Canadians exposed to low-income? / |h[electronic resource]|cby René Morissette and Marie Drolet. |
| 260 | |aOttawa - Ontario : |bStatistics Canada |cApril 2000. |
| 300 | |a40p.|bgraphs, references, tables |
| 490 | 1 |aAnalytical Studies Branch research paper series|x1205-9153|vNo. 146 |
| 500 | |aThe catalogue number (11F0019MPE) and ISBN (0-660-18061-8) for the print edition have been incorrectly copied in this electronic publication. |
| 520 | 3 |aThe goal of this paper is to present basic facts regarding the extent to which Canadians are exposed to low-income during a 4-year time interval. That is, we analyse the percentage of individuals who had low-income for 0,1,2,3 or 4 years during the 1993-1996 period.--Introduction |
| 590 | |a12-35-Supp|b2012-08-09 |
| 710 | 2 |aStatistics Canada. |
| 720 | 1 |aMorissette, René |
| 720 | 1 |aDrolet, Marie |
| 775 | 08|tDans quelle mesure les Canadiens sont-ils exposés aux faible revenu? / |w(CaOODSP)9.604406 |
| 776 | 0#|tTo what extent are Canadians exposed to low-income? / |w(CaOODSP)9.615057 |
| 830 | #0|aResearch paper series (Statistics Canada. Analytical Studies Branch)|x1205-9153|vNo. 146|w(CaOODSP)9.504421 |
| 856 | 40|ahttp://publications.gc.ca|qPDF|s184 KB|uhttps://publications.gc.ca/collections/Collection/CS11-0019-146E.pdf|yNo. 146 |